<?xml version="1.0" encoding="UTF-8"?>
<record
    xmlns:xsi="http://www.w3.org/2001/XMLSchema-instance"
    xsi:schemaLocation="http://www.loc.gov/MARC21/slim http://www.loc.gov/standards/marcxml/schema/MARC21slim.xsd"
    xmlns="http://www.loc.gov/MARC21/slim">

  <leader>00491nam a22001337a 4500</leader>
  <datafield tag="999" ind1=" " ind2=" ">
    <subfield code="c">121636</subfield>
    <subfield code="d">121636</subfield>
  </datafield>
  <controlfield tag="005">20210315102032.0</controlfield>
  <controlfield tag="008">210315b           ||||| |||| 00| 0 eng d</controlfield>
  <datafield tag="040" ind1=" " ind2=" ">
    <subfield code="c">PK-LaUMT</subfield>
  </datafield>
  <datafield tag="082" ind1=" " ind2=" ">
    <subfield code="a">RHC 320.962</subfield>
    <subfield code="b">MIS-</subfield>
  </datafield>
  <datafield tag="245" ind1=" " ind2=" ">
    <subfield code="a">Miser ke farzandan toheed takhtah dar par = &#x645;&#x635;&#x631; &#x6A9;&#x6D2; &#x641;&#x631;&#x632;&#x627;&#x646;&#x62F;&#x627;&#x646; &#x62A;&#x648;&#x62D;&#x6CC;&#x62F; &#x62A;&#x62E;&#x62A;&#x6C1; &#x62F;&#x627;&#x631; &#x67E;&#x631; /</subfield>
    <subfield code="c">compiled by Riaz Ahmad Chaudhary = &#x645;&#x631;&#x62A;&#x628;&#x6C1; &#x631;&#x6CC;&#x627;&#x636; &#x627;&#x62D;&#x645;&#x62F; &#x686;&#x648;&#x62F;&#x6BE;&#x631;&#x6CC;</subfield>
  </datafield>
  <datafield tag="260" ind1=" " ind2=" ">
    <subfield code="a">Multan :</subfield>
    <subfield code="b">Friend Publications,</subfield>
    <subfield code="c">NA</subfield>
  </datafield>
  <datafield tag="300" ind1=" " ind2=" ">
    <subfield code="a">96 p.</subfield>
  </datafield>
  <datafield tag="942" ind1=" " ind2=" ">
    <subfield code="c">BK</subfield>
  </datafield>
  <datafield tag="952" ind1=" " ind2=" ">
    <subfield code="0">0</subfield>
    <subfield code="1">0</subfield>
    <subfield code="4">0</subfield>
    <subfield code="7">0</subfield>
    <subfield code="a">01</subfield>
    <subfield code="b">01</subfield>
    <subfield code="d">2021-03-15</subfield>
    <subfield code="l">0</subfield>
    <subfield code="o">RHC 320.962 MIS-</subfield>
    <subfield code="p">136729</subfield>
    <subfield code="r">2021-03-15 00:00:00</subfield>
    <subfield code="w">2021-03-15</subfield>
    <subfield code="y">BK</subfield>
  </datafield>
</record>
